Statistiques concernant Joueur/euses de tennis français ayant été dans le Top100 depuis 2010

Cliquez ici pour prendre le quiz!

Statistiques générales

  • Ce quiz a été pris 302 fois
    (82 depuis la dernière actualisation)
  • Le résultat moyen est 23 sur 51

Statistiques - réponses

Début - Fin de CarrièreMeilleur classement (année)Joueur% Correct
2002 -7e (2007)Richard Gasquet
98%
2021 -34e (2024)Arthur Fils
97%
2004 - 20225e (2012)Jo-Wilfried Tsonga
97%
2004 -6e (2016)Gael Monfils
95%
2002 - 20226e (2009)Gilles Simon
85%
2012 -10e (2018)Lucas Pouille
80%
2005 -17e (2024)Adrian Mannarino
78%
2009 -4e (2018)Caroline Garcia
77%
2016 -20e (2023)Ugo Humbert
77%
2007 -18e (2016)Benoit Paire
74%
2006 -11e (2009)Alizé Cornet
72%
2018 -58e (2022)Hugo Gaston
69%
2021 -63e (2023)Luca Van Assche
66%
2000 - 20137e (2012)Marion Bartoli
65%
2018 -42e (2022)Arthur Rinderknech
62%
2000 -37e (2014)Nicolas Mahut
62%
2010 -36e (2019)Pierre-Hugues Herbert
62%
2008 -10e (2017)Kristina Mladenovic
57%
1996 - 201210e (2001)Arnaud Clément
55%
2020 -80e (2024)Arthur Cazaux
55%
2019 -58e (2022)Diane Parry
51%
2012 -48e (2023)Constant Lestienne
45%
1989 - 201017e (2001)Fabrice Santoro
45%
2013 -61e (2023)Quentin Halys
45%
2015 -42e (2023)Benjamin Bonzi
43%
2006 - 202325e (2013)Jérémy Chardy
43%
2000 - 201825e (2014)Julien Benneteau
43%
2011 -46e (2017)Océane Dodin
43%
1999 - 201421e (2011)Michael Llodra
42%
2017 -39e (2024)Varvara Gracheva
40%
2014 -71e (2024)Alexandre Muller
37%
2019 -51e (2023)Clara Burel
37%
2016 -51e (2022)Corentin Moutet
37%
2001 -35e (2014)Edouard Roger-Vasselin
34%
2012 -49e (2023)Gregoire Barrere
34%
2005 - 201514e (2010)Aravane Rezaï
25%
2013 -39e (2021)Fiona Ferro
25%
2000 - 202040e (2008)Pauline Parmentier
18%
2013 -90e (2022)Harmony Tan
17%
1999 - 201816e (2009)Virginie Razzano
15%
2013 -98e (2019)Antoine Hoang
14%
2013 -95e (2023)Hugo Grenier
12%
2007 -62e (2014)Kenny de Schepper
12%
2001 - 202150e (2016)Stephane Robert
11%
2000 - 201536e (2006)Florent Serra
8%
1999 - 201437e (2008)Marc Gicquel
6%
1999 - 201560e (2009)Julie Coin
5%
2000 - 201659e (2009)Mathilde Johansson
3%
1997 - 201662e (2003)Stéphanie Foretz
3%
2008 - 201581e (2013)Guillaume Rufin
2%
2000 - 201483e (2011)Eric Prodon
0%

Distribution des résultats

Percentile par nombre de réponses

% des personnes avec chaque résultat

Votre développement - résultats

Vous n’avez pas pris ce quiz depuis la dernière actualisation